Introducción a la teología y al magisterio moral social

Saved in:
書目詳細資料
主要作者: Mejía Álvarez, Iván Federico (autor)
格式: 圖書
語言:西班牙语
出版: Bogotá Pontificia Universidad Javeriana 2004
版:1a. ed
叢編:Colección Apuntes de Teología. Biblioteca del Profesional
主題:
標簽: 添加標簽
沒有標簽, 成為第一個標記此記錄!

MARC

LEADER 00000nam a2200000 a 4500
001 UCI0024
003 CL-VaPUC
008 070420e20040000CK |||||||||||||||||spa|d
082 0 4 |a 230.01  |b MEJ  |2 21 
100 |a Mejía Álvarez, Iván Federico  |e autor  |9 520089 
245 1 0 |a Introducción a la teología y al magisterio moral social 
250 |a 1a. ed 
300 |a 271 p 
942 |c BK 
945 |d 20070420 00:00:00  |a cmena 
260 |a Bogotá  |b Pontificia Universidad Javeriana  |c 2004 
650 0 |a Teología cristiana  |9 308336 
650 0 |a Responsabilidad social  |9 339076 
650 0 |a Antropología cristiana  |9 408739 
650 0 |a Relaciones interpersonales  |9 307056 
583 |a last modification  |c 20130304 01:49:23  |k Rodrigo Vera 
490 0 |a Colección Apuntes de Teología. Biblioteca del Profesional 
999 |c 325321  |d 325319 
952 |0 0  |1 0  |4 0  |6 230_010000000000000_MEJ_2004  |7 0  |8 A  |9 406048  |a BIBTEO  |b BIBTEO  |d 2019-11-22  |i 4330218  |l 2  |o 230.01 MEJ 2004  |p 4330218  |r 2025-01-17  |s 2024-12-05  |w 2019-11-22  |y BK  |k ICR